Every Song by Mayday Parade - Statistics

General Stats
  • This quiz has been taken 56 times
    12 since last reset
  • The average score is 20 of 115
Answer Stats
Album Song % Correct
Anywhere But Here(2009) Anywhere But Here
100%
A Lesson in Romantics(2007) Black Cat
80%
A Lesson in Romantics(2007) Jamie All Over
80%
A Lesson in Romantics(2007) Jersey
80%
A Lesson in Romantics(2007) Miserable at Best
80%
Mayday Parade(2011) Stay
80%
Sunnyland(2018) Sunnyland
80%
A Lesson in Romantics(2007) I'd Hate to Be You When People Find Out What This Song is About
60%
Mayday Parade(2011) Oh Well, Oh Well
60%
Anywhere But Here(2009) Save Your Heart
60%
A Lesson in Romantics(2007) Walk on Water or Drown
60%
Valdosta(2011) Amber Lynn
40%
Anywhere But Here(2009) Bruised and Scarred
40%
Sweet(2025) By the Way
40%
A Lesson in Romantics(2007) Champagne's for Celebrating (I'll Have a Martini)
40%
Anywhere But Here(2009) Get Up
40%
A Lesson in Romantics(2007) If You Wanted a Song Written About You, All You Had to Do Was Ask
40%
Anywhere But Here(2009) I Swear This Time I Mean It
40%
Anywhere But Here(2009) Kids in Love
40%
Anywhere But Here(2009) Still Breathing
40%
A Lesson in Romantics(2007) Take This to Heart
40%
Valdosta(2011) Terrible Things
40%
Anywhere But Here(Bonus)(2009) The Memory
40%
Tales Told by Dead Friends(2006) Three Cheers for Five Years
40%
A Lesson in Romantics(2007) When I Get Home, You're So Dead
40%
Mayday Parade(2011) When You See My Friends
40%
A Lesson in Romantics(2007) You Be the Anchor That Keeps My Feet on the Ground, I'll Be the Wings That Keep Your Heart in the Clouds
40%
Tales Told by Dead Friends(2006) Your Song
40%
Sweet(2025) 4,000 Days Plus the Ones I Don't Remember
20%
Monsters in the Closet(2013) Angels
20%
Mayday Parade(2011) A Shot Across the Bow
20%
Mayday Parade(2011) Call Me Hopeless, Not Romantic
20%
Monsters in the Closet(2013) Demons
20%
Mayday Parade(2011) Everything's an Illusion
20%
Monsters in the Closet(2013) Ghosts
20%
Monsters in the Closet(2013) Hold Onto Me
20%
Anywhere But Here(2009) If You Can't Live Without Me, Why Aren't You Dead Yet?
20%
What It Means to Fall Apart(2021) Kids of Summer
20%
Sweet(2025) Natural
20%
Monsters in the Closet(2013) Nothing You Can Live Without, Nothing You Can Do About
20%
A Lesson in Romantics(2007) Ocean and Atlantic
20%
A Lesson in Romantics(Bonus)(2007) One Man Drinking Games
20%
Black Lines(2015) One of Us
20%
Sunnyland(2018) Piece of Your Heart
20%
Sad(2025) Promises
20%
Monsters in the Closet(2013) Repent and Repeat
20%
Sunnyland(2018) Satellite
20%
Anywhere But Here(Bonus)(2009) So Far Away
20%
Monsters in the Closet(2013) Sorry, Not Sorry
20%
Anywhere But Here(2009) The End
20%
Anywhere But Here(2009) The Silence
20%
Mayday Parade(2011) Without the Bitter the Sweet Isn't as Sweet
20%
Mayday Parade(2011) You're Dead Wrong
20%
Monsters in the Closet(2013) 12 Through 15
0%
Black Lines(2015) All on Me
0%
Sunnyland(2018) Always Leaving
0%
What It Means to Fall Apart(2021) Angels Die Too
0%
What It Means to Fall Apart(2021) Bad at Love
0%
Sad(2025) Breakup Song
0%
Anywhere But Here(2009) Center of Attention
0%
Monsters in the Closet(2013) Even Robots Need Blankets
0%
Monsters in the Closet(2013) Girls
0%
What It Means to Fall Apart(2021) Golden Days
0%
Mayday Parade(2011) Happy Endings Are Stories That Haven't Ended Yet
0%
Monsters in the Closet(Bonus)(2013) Hear the Sound
0%
What It Means to Fall Apart(2021) Heaven
0%
Black Lines(2015) Hollow
0%
Sunnyland(2018) How Do You Like Me Now
0%
What It Means to Fall Apart(2021) I Can't Do This Anymore
0%
Mayday Parade(2011) I'd Rather Make Mistakes Than Nothing at All
0%
Sunnyland(2018) If I Were You
0%
What It Means to Fall Apart(2021) If My Ghosts Don't Play, I Don't Play
0%
Sad(2025) I Miss the 90s
0%
Sad(2025) I Must Obey the Inscrutable Exhortations of My Soul
0%
Sad(2025) In Every Way, Shape or Form
0%
Sunnyland(2018) Is Nowhere
0%
Non-Album(2020) It Is What It Is
0%
Sunnyland(2018) It's Hard to Be Religious When Certain People Are Never Incinerated by Bolts of Lightning
0%
Sad(2025) It's Not All Bad
0%
Black Lines(2015) Just Out of Reach
0%
Tales Told by Dead Friends(2006) Just Say You're Not into It
0%
Black Lines(2015) Keep in Mind, Transmogrification Is a New Technology
0%
Monsters in the Closet(2013) Last Night for a Table of Two
0%
Black Lines(2015) Let's Be Honest
0%
Black Lines(2015) Letting Go
0%
Sunnyland(2018) Looks Red, Tastes Blue
0%
Black Lines(2015) Look Up and See Infinity, Look Down and See Nothing
0%
Black Lines(2015) Narrow
0%
Sunnyland(2018) Never Sure
0%
Mayday Parade(2011) No Heroes Allowed
0%
What It Means to Fall Apart(2021) Notice
0%
Sad(2025) One Day at a Time
0%
What It Means to Fall Apart(2021) One for the Rocks and One for the Scary
0%
Black Lines(2015) One of Them Will Destroy the Other
0%
Sweet(2025) Pretty Good to Feel Something
0%
Mayday Parade(2011) Priceless
0%
What It Means to Fall Apart(2021) Sideways
0%
Sunnyland(2018) Stay the Same
0%
Monsters in the Closet(Bonus)(2013) Stuck in Remission
0%
Sunnyland(2018) Take My Breath Away
0%
Tales Told by Dead Friends(2006) The Last Something That Meant Anything
0%
Tales Told by Dead Friends 10th Anniversary(Bonus)(2016) The Problem with the Big Picture is That It's Hard to See
0%
Monsters in the Closet(2013) The Torment of Existence Weighed Against the Horror of Nonbeing
0%
What It Means to Fall Apart(2021) Think of You
0%
Sweet(2025) This Personified
0%
Sweet(2025) Towards You
0%
Sunnyland(B-Side)(2018) Turn My Back
0%
Sad(2025) Under My Sweater
0%
Black Lines(2015) Underneath the Tide
0%
Black Lines(2015) Until You're Big Enough
0%
Sunnyland(2018) Where You Are
0%
Sweet(2025) Who's Laughing Now
0%
Sweet(2025) Who We Are
0%
Monsters in the Closet(Bonus)(2013) Worth a Thousand Words
0%
What It Means to Fall Apart(2021) You Not Me
0%
No matching quizzes found
Score Distribution
Percent of People with Each Score
Percentile by Number Answered
Your Score History
You have not taken this quiz since the last reset